000 01241cam a2200229 4500
001 X126219
008 040518n2004 000 0 eng u
035 _a(Sirsi) u126219
100 _aCrosby, N.
245 _aMonitoring the lease code: the interim report
260 _c2004
490 _aEstates Gazette
_v(0418) 1 May 2004, 93-94(2)
520 _aExamines the interim report monitoring the effects of the "Code of practice for commercial leasesEngland and Wales". The report provides a provisional view of whether lease structures are becoming more flexible, the extent to which tenants are being offered a choice of alternative terms, measures the awareness of property matters of small business tenants and whether or not the Code is impacting on the market. The final report is due in December 2004. " Monitoring the operation of the 2002 code of practice for commercial leases - interim report" is available at www.rdg.ac.uk/crer or www.DCLG.gov.uk.
590 _aKA
650 _aCODE FOR LEASING BUSINESS PREMISES IN ENGLAND AND WALES
650 _aLEASE STRUCTURES
650 _aFLEXIBLE LEASES
650 _aINTERIM REPORTS
650 _aSURVEY
690 _aLANDLORD AND TENANT-BUSINESS TENANCIES
942 _n0
999 _c117362
_d117362